|
|
|
|
| LEADER |
00617nab a2200181 i 4500 |
| 001 |
misc27237 |
| 005 |
20191108145911.0 |
| 008 |
170803s1975 hu o 0|| zxx d |
| 040 |
|
|
|a SZTE Miscellanea Repozitórium
|b hun
|
| 041 |
|
|
|a zxx
|
| 100 |
1 |
|
|a Kuthy Enikő
|
| 245 |
1 |
0 |
|a Glutaraldehyd-osmiumtetroxid fixálást követő jellegzetes műtermékek
|h [elektronikus dokumentum] /
|c Kuthy Enikő
|
| 260 |
|
|
|c 1975
|
| 300 |
|
|
|a 16-22
|
| 490 |
0 |
|
|a Kolligátum
|
| 695 |
|
|
|a Igazságügyi orvostan - tanulmány
|
| 700 |
0 |
1 |
|a Csapó Zsolt
|e aut
|
| 856 |
4 |
0 |
|u http://misc.bibl.u-szeged.hu/27237/1/020_003_016-022.pdf
|z Dokumentum-elérés
|